[Event "Barrinha Merli Memorial op"]
[Site "Barrinha"]
[Date "2010.07.02"]
[Round "2"]
[White "Aurelly, Luiz Guillerme"]
[Black "Macri, Apparecido Jr"]
[Result "1-0"]
[WhiteElo "2253"]
[BlackElo "1936"]
[PlyCount "121"]
[EventDate "2010.07.02"]
[EventType "swiss"]
[EventRounds "6"]
[EventCountry "BRA"]
[SourceTitle "EXT 2011"]
[Source "ChessBase"]
[SourceDate "2010.11.26"]
[SourceVersion "1"]
[SourceVersionDate "2010.11.26"]
[SourceQuality "1"]

1. d4 Nf6 2. c4 g6 3. Nc3 Bg7 4. e4 d6 5. Nf3 0-0 6. Be2 c6 7. 0-0 Nbd7 8. Re1 Qc7 9. Bg5 h6 10. Be3 Ng4 11. Bc1 e5 12. h3 exd4 13. Nxd4 Ngf6 14. Be3 Re8 15. Qc2 Nc5 16. Bf3 Ne6 17. Qd2 Kh7 18. Rad1 Nc5 19. Bf4 a5 20. Nc2 Bf8 21. Bxd6 Bxd6 22. Qxd6 Qxd6 23. Rxd6 Be6 24. b3 Nfd7 25. Red1 Ne5 26. Be2 g5 27. Ne3 Ng6 28. Bg4 Bxg4 29. Nxg4 Kg7 30. f3 Rab8 31. Ne2 h5 32. Nf6 Rh8 33. Ng3 Ne7 34. Nfxh5+ Kh7 35. Nf6+ Kg7 36. Ngh5+ Kg6 37. Nd7+ Kxh5 38. Nxc5 b5 39. Nd7 Rb7 40. Ne5 Ng6 41. Nxg6 fxg6 42. Rxc6 bxc4 43. Rxc4 Ra7 44. Rd6 a4 45. Rxa4 Rxa4 46. bxa4 Ra8 47. a5 Kh6 48. Kf2 Rb8 49. Ke3 Rb2 50. a4 Rb4 51. Rd4 Rb3+ 52. Kd2 Rb2+ 53. Kc3 Rxg2 54. a6 Rg3 55. Rd3 Rg1 56. a7 Rc1+ 57. Kb4 Rc8 58. Kb5 Kh5 59. Kb6 Kh4 60. Kb7 Rg8 61. a8Q 1-0